| 000 | 01007nam a2200289 i 4500 | ||
|---|---|---|---|
| 001 | bg | ||
| 003 | KOSZ 005 | ||
| 005 | 20200302102157.0 | ||
| 008 | 000114s1981 pl a f 000 0 pol | ||
| 015 | _aPB 1981/7800 | ||
| 020 | _a8302012505 | ||
| 040 |
_aWA N _cKOSZ 005/RW _dKOSZ 005/RW |
||
| 080 | _a621 | ||
| 080 | _a(075.3) | ||
| 100 | 1 | _aOrlik, Zbigniew. | |
| 245 | 0 | 0 |
_aCzęści maszyn. _nCz. 2 / _cAndrzej Rutkowski, Zbigniew Orlik. |
| 260 |
_aWarszawa : _bWydawnictwa Szkolne i Pedagogiczne, _c1981. |
||
| 300 |
_a286, [1] s. : _bil., wykr. ; _c24 cm. |
||
| 380 | _aKsiążki. | ||
| 504 | _aBibliogr. s. 279. | ||
| 650 | 4 |
_aMaszyny _xbudowa i konstrukcje. |
|
| 655 | 4 | _aPodręczniki dla szkół zawodowych | |
| 710 | 2 |
_aWydawnictwa Szkolne i Pedagogiczne. _4pbl. |
|
| 700 | 1 |
_aRutkowski, Andrzej _c(budowa i eksploatacja maszyn) _eAutor |
|
| 856 |
_uhttp://koha.tu.koszalin.pl/cgi-bin/koha/opac-detail.pl?biblionumber=2210 _yKatalog online BPK |
||
| 942 |
_2UKD _cKS |
||
| 999 |
_c2210 _d2210 |
||